Culture Générale - Série 1216 - Statistiques

Statistiques générales
  • Ce quiz a été pris 91 fois
  • Le résultat moyen est 7 sur 10
Statistiques - réponses
Question Réponse % Correct
L'océan qui baigne la ville de Biarritz est l'océan... Atlantique
96%
Au moment de sa naissance, de combien de jours ouvrés le père dispose-t-il pour déclarer son enfant ? trois
94%
Quel héros de BD affectionne particulièrement un tintinophile ? Tintin
90%
De quelle région de France Bécassine est-elle originaire ? Bretagne
84%
Le sigle I.R.M. signifie "Imagerie par résonance... Magnétique
70%
Quelle ville est le chef-lieu du département du Tarn ? Albi
62%
De quelle nationalité était le compositeur Francis Poulenc ? française
58%
Quel chanteur français est l'interprète des tubes "Rosalie" et "La Cantine" ? Carlos
56%
Dans quelle oeuvre de Victor Hugo Monsieur Myriel devient-il monseigneur Bienvenu ? Les Misérables
51%
Sous quel nom connaissait-on mieux l'acteur américain Charles Dennis Buchinsky ? Charles Bronson
27%
Aucun quiz correspondant
Distribution des résultats
% des personnes avec chaque résultat
Percentile par nombre de réponses
Votre historique - résultats
Vous n’avez pas pris ce quiz